• 首页
  • 本馆介绍
  • 公告通知
  • 最新文献
  • 馆藏检索
  • 电子资源
  • 读者导购
  • 参考咨询
  • 我的图书馆
  • 登录
  • 详细信息显示
  • 放入我的书架
  • 预约/预借图书
  • 作者相关作品
  • 分类相关作品
  • 丛书相关作品
  • 出版社相关作品

书目信息

  • 表格格式
  • 工作单格式
  • 卡片格式
题名:
第四产业
    
 
作者: ;娄攴手居 著
分册:  
出版信息: 北京   中信出版集团股份有限公司  2022
页数: 23,301页
开本: 21cm
丛书名:
单 册:
中图分类: F492.3
科图分类:
主题词: 信息经济--经济发展--研究--中国
电子资源:
ISBN: 978-7-5217-4003-5
000 01137nam0 2200241 450
001 2249274462
005 20220927134147.51
010    @a978-7-5217-4003-5@b精装@dCNY68.00
100    @a20220411d2022 em y0chiy50 ea
101 0  @achi
102    @aCN@b110000
105    @ay z 000yy
200 1  @a第四产业@9di si chan ye@e数据业的未来图景@dQuaternary sector of economy@ethe future prospect of data industry@f娄攴手居著@zeng
210    @a北京@c中信出版集团股份有限公司@d2022
215    @a23,301页@d21cm
300    @a商业家
330    @a本书把产业变迁放在人类发展的历史长河中进行审视,从生产要素这一“小切口”入手,探求人类社会发展演进背后的“产业密码”和底层逻辑。作者从多个维度,对第四产业——数据业进行了精准画像,描绘了数据业的发展蓝图,也对数据业可能对产业变迁、经济规律、社会结构、国际关系等产生的一系列重大而深远的影响做了分析和阐述,构建起第四产业的理论和政策框架。
510 1  @aQuaternary sector of economy@ethe future prospect of data industry@zeng
606 0  @a信息经济@x经济发展@x研究@y中国
690    @aF492.3@v5
711 02 @a娄攴手居@9lou pu shou ju@4著
801  0 @aCN@b91MARC@c20220411
905    @aZUCC@dF492.3@e6
    
    第四产业:数据业的未来图景=Quaternary sector of economy:the future prospect of data industry/娄攴手居著.-北京:中信出版集团股份有限公司,2022
    23,301页;21cm
    商业家
    
    ISBN 978-7-5217-4003-5(精装):CNY68.00
    本书把产业变迁放在人类发展的历史长河中进行审视,从生产要素这一“小切口”入手,探求人类社会发展演进背后的“产业密码”和底层逻辑。作者从多个维度,对第四产业——数据业进行了精准画像,描绘了数据业的发展蓝图,也对数据业可能对产业变迁、经济规律、社会结构、国际关系等产生的一系列重大而深远的影响做了分析和阐述,构建起第四产业的理论和政策框架。
●
相关链接 在五车中查询图书 在当当中查询图书 在豆瓣中查询图书


正题名:第四产业     索取号:F492.3/6         预约/预借

序号 登录号 条形码 馆藏地/架位号 状态 备注
1 2000902621   2000902621   第三书库/ [索取号:F492.3/6] 在馆    
2 2000902622   2000902622   第三书库/ [索取号:F492.3/6] 在馆    
3 2000902623   2000902623   第三书库/ [索取号:F492.3/6] 在馆    
山东省滨州职业学院图书馆 欢迎您!
大连网信软件有限公司© 版权所有